|
|
|
|
| LEADER |
00000nam a2200000 a 4500 |
| 001 |
vtls001292170 |
| 003 |
SK-MaSNL |
| 005 |
20260301195735.0 |
| 008 |
251124s1996 DE 0 ger |
| 020 |
|
|
|a 3486561871
|c [649,00]
|
| 035 |
|
|
|a SNK000243868
|
| 040 |
|
|
|a SNK
|b slo
|c SNK
|e AACR2
|
| 041 |
0 |
|
|a ger
|
| 043 |
|
|
|a e-gx
|
| 044 |
|
|
|a DE
|
| 080 |
|
|
|a 940.53
|2 1981
|
| 080 |
|
|
|a 943.0:947"1944/1945"
|2 1981
|
| 100 |
1 |
|
|a Zeidler, Manfred
|4 aut
|9 578033
|
| 245 |
1 |
|
|a Kriegsende im Osten
|b die Rote Armee und die Besetzung Deutschlands östlich von Oder und Neisse 1944/45
|c von Manfred Zeidler
|
| 260 |
|
|
|a München
|b R. Oldenbourg
|c 1996
|
| 300 |
|
|
|a 250 s.
|c 22 cm
|
| 650 |
0 |
7 |
|a druhá svetová vojna (1939-1945)
|2 SNK
|9 169657
|
| 651 |
|
7 |
|a Nemecko, východné
|x dejiny
|y 1944-1945
|x obsadenie Červenou armádou
|2 SNK
|9 63777
|
| 919 |
|
|
|a 3-486-56187-1
|
| 999 |
|
|
|c 887113
|d 889043
|
| 952 |
|
|
|t P60, <04>, [BOOK], {604}
|a SNK
|b SNK
|y VYP
|7 0
|p 17A0076402
|o snkIC 126727
|i snkV 1625/97
|0 0
|1 0
|4 0
|d 1997-06-27
|l 0
|r 2005-01-02 00:00:00
|w 2026-02-24
|